000 00390nam a22001457a 4500
020 _qPB.
040 _cFIZZA ISHAQ
082 _a621.367
_bRAF
100 _aWOOD, LEZ GONZA C. RAFEAL.
_986786
245 _aDIGITAL IMAGE PROCESSING USING MATLAB /
_cRAFEAL C. GONZA LEZ WOOD.
250 _a2nd ED.
260 _aNEW DEHLI :
_bmc GRAW HILL,
_c2010.
300 _a738 P. ;
942 _2ddc
_cBK
999 _c587414
_d587414